Most-Taken JetPunk Featured Quizzes with the Shortest Titles - Statistics

General Stats
  • This quiz has been taken 14 times
  • The average score is 6 of 20
Answer Stats
Ratio Category Quiz % Correct
1,077,017 Geography {Countries} of the {World} Quiz
86%
130,358 Speed 12 {Months} in 15 {Seconds}
57%
237,302 Geography {Europe} Map Quiz
50%
95,763 Geography, Speed Fifty {US} {States} in One {Minute}
50%
733,276 Geography {US} {States} Quiz
50%
114,291 Geography {Africa} Map Quiz
36%
166,541 Geography {United} {States} Map Quiz
36%
114,629 History, Politics {U.S.} {Presidents} Quiz
36%
92,724 Geography {World} {Map} Without 20 {Random} {Countries}
29%
72,485 Geography Random {Capital} to {Country}
21%
182,397 Geography {World} {Capitals} Quiz
21%
86,412 Geography, Speed {Countries} by {First} {Two} {Letters} in 90 {Seconds}
14%
199,816 Speed {Fast} {Typing} {1} to {100}
14%
212,566 Speed {Fast} {Typing} {A} to {Z}
14%
73,972 Geography, Speed {Countries} by {Borders} in 90 {Seconds}
7%
70,329 Geography {Countries} of {Europe} Quiz
7%
92,002 Geography {Country} {Flags} Quiz #1
7%
64,836 Sports {NBA} {Basketball} {Teams} Quiz
7%
68,996 Sports {NFL} {Football} {Teams} Quiz
7%
71,920 Geography {East} {Asia} Map Quiz
0%
No matching quizzes found
Score Distribution
Percent of People with Each Score
Percentile by Number Answered
Your Score History
You have not taken this quiz